<?xml version="1.0" encoding="UTF-8"?>
<record
    xmlns:xsi="http://www.w3.org/2001/XMLSchema-instance"
    xsi:schemaLocation="http://www.loc.gov/MARC21/slim http://www.loc.gov/standards/marcxml/schema/MARC21slim.xsd"
    xmlns="http://www.loc.gov/MARC21/slim">

  <leader>03104nam a22003617a 4500</leader>
  <controlfield tag="003">DO-SdBNP</controlfield>
  <controlfield tag="005">20240409110227.0</controlfield>
  <controlfield tag="007">ta</controlfield>
  <controlfield tag="008">220304b2019    dr ac||| |||| 00| 0 spa d</controlfield>
  <datafield tag="020" ind1=" " ind2=" ">
    <subfield code="a">9789945443622 (serie)</subfield>
  </datafield>
  <datafield tag="020" ind1=" " ind2=" ">
    <subfield code="a">9789945443622 </subfield>
  </datafield>
  <datafield tag="040" ind1=" " ind2=" ">
    <subfield code="a">DO-SdBNP</subfield>
    <subfield code="b">spa</subfield>
    <subfield code="c">BNPHU</subfield>
  </datafield>
  <datafield tag="082" ind1=" " ind2="4">
    <subfield code="a">RD860.8</subfield>
    <subfield code="b">C744o, 2019</subfield>
    <subfield code="2">22</subfield>
  </datafield>
  <datafield tag="111" ind1="2" ind2=" ">
    <subfield code="a">Concurso de Arte y Literatura Bancentral</subfield>
    <subfield code="n">(22 :</subfield>
    <subfield code="d">2018 :</subfield>
    <subfield code="c">Santo Domingo, Rep&#xFA;blica Dominicana)</subfield>
    <subfield code="9">75208</subfield>
  </datafield>
  <datafield tag="245" ind1="1" ind2="0">
    <subfield code="a">Obras premiadas del vig&#xE9;simo segundo concurso de arte y literatura Bancentral 2018 /</subfield>
  </datafield>
  <datafield tag="260" ind1=" " ind2=" ">
    <subfield code="a">Santo Domingo :</subfield>
    <subfield code="b">Banco Central de la Rep&#xFA;blica Dominicana,</subfield>
    <subfield code="c">2019.</subfield>
  </datafield>
  <datafield tag="300" ind1=" " ind2=" ">
    <subfield code="a">179 p. :</subfield>
    <subfield code="b">il., retrs. ;</subfield>
    <subfield code="c">23 cm.</subfield>
  </datafield>
  <datafield tag="490" ind1="1" ind2=" ">
    <subfield code="a">Banco Central de la Rep&#xFA;blica Dominicana ;</subfield>
    <subfield code="v">269 ;</subfield>
  </datafield>
  <datafield tag="490" ind1="1" ind2=" ">
    <subfield code="a">Obras premiadas ;</subfield>
    <subfield code="v">22 ;</subfield>
  </datafield>
  <datafield tag="500" ind1=" " ind2=" ">
    <subfield code="a">Incluye referencias bibliogr&#xE1;ficas y notas a pie de las p&#xE1;ginas</subfield>
  </datafield>
  <datafield tag="505" ind1="0" ind2=" ">
    <subfield code="a">Presentaci&#xF3;n --</subfield>
    <subfield code="t">Introducci&#xF3;n --</subfield>
    <subfield code="t">Cuento --</subfield>
    <subfield code="g">Primer premio --</subfield>
    <subfield code="t">Infamia /</subfield>
    <subfield code="r">Jes&#xFA;s Mart&#xED;n Sacrist&#xE1;n--</subfield>
    <subfield code="g">Segundo premio --</subfield>
    <subfield code="t">El temible moronta /</subfield>
    <subfield code="r">Domingo Marte --</subfield>
    <subfield code="g">Tercer premio /</subfield>
    <subfield code="t">Alfonsina Storni despu&#xE9;s del mar /</subfield>
    <subfield code="r">Hemingway M&#xE1;ximo F&#xE9;liz Ba&#xE9;z--</subfield>
    <subfield code="g">Menci&#xF3;n de honor --</subfield>
    <subfield code="t">El gevito del barrio  /</subfield>
    <subfield code="r">Julio C&#xE9;sar Valent&#xED;n P&#xE9;rez--</subfield>
    <subfield code="g">Menci&#xF3;n de honor --</subfield>
    <subfield code="t">Los armados  1 /</subfield>
    <subfield code="r">Wilson Batista Mesa --</subfield>
    <subfield code="g">Menci&#xF3;n de honor --</subfield>
    <subfield code="t">No tengo voz /</subfield>
    <subfield code="r">Raiza Kelly G&#xF3;mez--</subfield>
  </datafield>
  <datafield tag="505" ind1="0" ind2=" ">
    <subfield code="a">Pintura --</subfield>
    <subfield code="g">Primer premio --</subfield>
    <subfield code="t">Exquisito manjar /</subfield>
    <subfield code="r">Rafael El&#xED;as Fern&#xE1;ndez Garc&#xED;a --</subfield>
    <subfield code="g">Segundo premio --</subfield>
    <subfield code="t">Coles de ternura /</subfield>
    <subfield code="r">Dinorah Ba&#xE9;z de P&#xE9;rez -</subfield>
    <subfield code="g">Tercer premio --</subfield>
    <subfield code="t">Paseo por el bot&#xE1;nico /</subfield>
    <subfield code="r">Hilda Andre&#xED;na Santos de Rosario --</subfield>
    <subfield code="g">Menci&#xF3;n de honor --</subfield>
    <subfield code="t">Cuando cae la tarde /</subfield>
    <subfield code="r">Fabiano Antonio Garc&#xED;a Tejada /</subfield>
    <subfield code="g">Menci&#xF3;n de honor --</subfield>
    <subfield code="t">&#xA1;Llevo lo maaaango! /</subfield>
    <subfield code="t">Rafael El&#xED;as Fern&#xE1;ndez Garc&#xED;a --</subfield>
    <subfield code="t">Dibujo --</subfield>
    <subfield code="g">Primer premio--</subfield>
    <subfield code="t">La comemango /</subfield>
    <subfield code="r"> Rafael El&#xED;as Fern&#xE1;ndez Garc&#xED;a --</subfield>
    <subfield code="g">Segundo premio --</subfield>
    <subfield code="t">La taza media /</subfield>
    <subfield code="r">Jovanny del Rio --</subfield>
    <subfield code="g">Tercer premio --</subfield>
    <subfield code="t">Lirio en el ocaso /</subfield>
    <subfield code="r">Juan Elidio Est&#xE9;vez Hurtado --</subfield>
    <subfield code="g">Menci&#xF3;n de honor --</subfield>
    <subfield code="t">Lirio hermoso /</subfield>
    <subfield code="r">Juan Elidio Est&#xE9;vez Hurtado --</subfield>
    <subfield code="g">Primer premio --</subfield>
    <subfield code="t">Danza de m&#xFA;sculo y sal /</subfield>
    <subfield code="r">Domingo Marte --</subfield>
  </datafield>
  <datafield tag="505" ind1="0" ind2=" ">
    <subfield code="a">Segundo premio --</subfield>
    <subfield code="t">Cerrado /</subfield>
    <subfield code="r">Tom&#xE1;s Ed&#xE9;n Garc&#xED;a Sandoval --</subfield>
    <subfield code="g">Tercer premio --</subfield>
    <subfield code="t">El mundo a colores de Juampa /</subfield>
    <subfield code="r">Amarilis Cueto Cabrera --</subfield>
    <subfield code="g">Menci&#xF3;n de honor --</subfield>
    <subfield code="t">Flora muerta, fauna escondida /</subfield>
    <subfield code="r">Ardanys O. Gonz&#xE1;lez Marcano --</subfield>
    <subfield code="g">Menci&#xF3;n de honor --</subfield>
    <subfield code="t">Multitarea /</subfield>
    <subfield code="r">Melvin Mieses Fr&#xED;as Coplin --</subfield>
    <subfield code="t">Ganadores del concurso de Arte y Literatura Bancentral (1995-2018) --</subfield>
    <subfield code="t">Miembros del jurado del concurso de Arte y Literatura Bancentral (1995-2018) --</subfield>
    <subfield code="t">Colecci&#xF3;n bibliograf&#xED;ca del Banco Central de la Rep&#xFA;blica Dominicana.</subfield>
  </datafield>
  <datafield tag="590" ind1=" " ind2=" ">
    <subfield code="a">Inventariado, 2022/BT</subfield>
  </datafield>
  <datafield tag="650" ind1="1" ind2="4">
    <subfield code="a">Cuentos dominicanos</subfield>
    <subfield code="y">Siglo xxi</subfield>
    <subfield code="9">43522</subfield>
  </datafield>
  <datafield tag="650" ind1="1" ind2="4">
    <subfield code="a">Cert&#xE1;menes literarios</subfield>
    <subfield code="y">Siglo xxi</subfield>
    <subfield code="9">43523</subfield>
  </datafield>
  <datafield tag="650" ind1="1" ind2="0">
    <subfield code="a">Literatura dominicana </subfield>
    <subfield code="y">Siglo XXI</subfield>
    <subfield code="9">43524</subfield>
  </datafield>
  <datafield tag="650" ind1="1" ind2="4">
    <subfield code="a">Premios literarios</subfield>
    <subfield code="y">Siglo xxi</subfield>
    <subfield code="9">43525</subfield>
  </datafield>
  <datafield tag="650" ind1="1" ind2="4">
    <subfield code="a">Arte y literatura</subfield>
    <subfield code="y">Siglo xxi</subfield>
    <subfield code="9">75187</subfield>
  </datafield>
  <datafield tag="830" ind1=" " ind2="0">
    <subfield code="a">Banco Central de la Rep&#xFA;blica Dominicana.</subfield>
    <subfield code="v">269</subfield>
    <subfield code="p">Obras premiadas</subfield>
    <subfield code="n">22</subfield>
    <subfield code="9">75209</subfield>
  </datafield>
  <datafield tag="910" ind1=" " ind2=" ">
    <subfield code="a">Validado. Control de calidad MFF</subfield>
  </datafield>
  <datafield tag="942" ind1=" " ind2=" ">
    <subfield code="2">ddc</subfield>
    <subfield code="c">LBS1</subfield>
  </datafield>
  <datafield tag="952" ind1=" " ind2=" ">
    <subfield code="0">0</subfield>
    <subfield code="1">0</subfield>
    <subfield code="2">ddc</subfield>
    <subfield code="5">1</subfield>
    <subfield code="7">0</subfield>
    <subfield code="8">PD</subfield>
    <subfield code="a">BNPHU</subfield>
    <subfield code="b">BNPHU</subfield>
    <subfield code="c">HD</subfield>
    <subfield code="d">2022-03-04</subfield>
    <subfield code="e">Dep&#xF3;sito Legal</subfield>
    <subfield code="o">BNPHU PD RD860.8 C744o 2019</subfield>
    <subfield code="p">2022-0856</subfield>
    <subfield code="r">2022-03-04</subfield>
    <subfield code="w">2022-03-04</subfield>
    <subfield code="y">LBS1</subfield>
  </datafield>
  <datafield tag="952" ind1=" " ind2=" ">
    <subfield code="0">0</subfield>
    <subfield code="1">0</subfield>
    <subfield code="2">ddc</subfield>
    <subfield code="5">1</subfield>
    <subfield code="7">0</subfield>
    <subfield code="8">PD</subfield>
    <subfield code="a">BNPHU</subfield>
    <subfield code="b">BNPHU</subfield>
    <subfield code="c">HD</subfield>
    <subfield code="d">2022-03-04</subfield>
    <subfield code="e">Dep&#xF3;sito Legal</subfield>
    <subfield code="o">BNPHU PD RD860.8 C744o 2019</subfield>
    <subfield code="p">2022-0857</subfield>
    <subfield code="r">2022-03-04</subfield>
    <subfield code="t">e.2</subfield>
    <subfield code="w">2022-03-04</subfield>
    <subfield code="y">LBS1</subfield>
  </datafield>
  <datafield tag="952" ind1=" " ind2=" ">
    <subfield code="0">0</subfield>
    <subfield code="1">0</subfield>
    <subfield code="2">ddc</subfield>
    <subfield code="5">6</subfield>
    <subfield code="7">0</subfield>
    <subfield code="8">DS</subfield>
    <subfield code="a">BNPHU</subfield>
    <subfield code="b">BNPHU</subfield>
    <subfield code="c">HD</subfield>
    <subfield code="d">2019-12-11</subfield>
    <subfield code="e">Dep&#xF3;sito Legal </subfield>
    <subfield code="o">BNPHU DS RD860.8 C744o 2019</subfield>
    <subfield code="p">2022-3419</subfield>
    <subfield code="r">2022-07-12</subfield>
    <subfield code="t">e.3</subfield>
    <subfield code="w">2022-07-12</subfield>
    <subfield code="y">LBS1</subfield>
  </datafield>
  <datafield tag="999" ind1=" " ind2=" ">
    <subfield code="c">51428</subfield>
    <subfield code="d">51428</subfield>
  </datafield>
</record>
